Celebramos la cena del Señor: guía de la mamá y del catequista

Saved in:
Bibliografiske detaljer
Hovedforfatter: Barilari, Enrique (Author)
Format: Bog
Sprog:spansk
Udgivet: Santiago Paulinas 1989
Fag:
Tags: Tilføj Tag
Ingen Tags, Vær først til at tagge denne postø!

MARC

LEADER 00000nam a2200000 a 4500
001 UCH7057
003 CL-VaPUC
008 091109e19890000CL |||||||||||||||||spa|d
082 0 4 |a 265  |b BAR  |2 21 
100 0 |a Barilari, Enrique  |e author  |9 543538 
245 1 0 |a Celebramos la cena del Señor: guía de la mamá y del catequista 
300 |a 109 p 
942 |c BK 
945 |d 20091109 00:00:00  |a ccalabra 
260 |a Santiago  |b Paulinas  |c 1989 
650 0 |a Catolicismo  |9 258690 
650 0 |a Catecismo  |9 333878 
650 0 |a Iglesia Católica  |9 256114 
650 0 |a Sacramentos   |9 257270 
650 7 |a DOCTRINA CRISTIANA  |2 CL-VaPUC  |9 339115 
650 0 |a Cristianismo  |9 257361 
583 |a last modification  |c 20091109 00:00:00  |k Rodrigo Vera 
999 |c 337806  |d 337804